000
00321nam a2200145Ia 4500
100
_a
Hamm/G/ Burk/G
650
_a
Carpentery
942
_c
BK
654
_a
automotive trade
245
_a
Tables for the automotive trade
260
_b
Wiley Eastern Limited.
_c
1992
300
_a
228
546
_a
ENGLISH
999
_c
19976
_d
19976